KASOTI KRIKET MADHIL MARATHI KHELADU कसोटी क्रिकेट मधील मराठी खेळाडू (Record no. 109797)

MARC details
000 -LEADER
fixed length control field 00845nam a2200193Ia 4500
008 - FIXED-LENGTH DATA ELEMENTS--GENERAL INFORMATION
fixed length control field 090124s9999 xx 000 0 und d
020 ## - INTERNATIONAL STANDARD BOOK NUMBER
International Standard Book Number 81-7774-082-2
082 ## - DEWEY DECIMAL CLASSIFICATION NUMBER
Item number 43568
100 ## - MAIN ENTRY--PERSONAL NAME
Personal name पंडित बाळ ज.
245 ## - TITLE STATEMENT
Title KASOTI KRIKET MADHIL MARATHI KHELADU कसोटी क्रिकेट मधील मराठी खेळाडू
250 ## - EDITION STATEMENT
Edition statement 1
260 ## - PUBLICATION, DISTRIBUTION, ETC. (IMPRINT)
Name of publisher, distributor, etc प्रतिमा प्रकाशन
Date of publication, distribution, etc 2005
300 ## - PHYSICAL DESCRIPTION
Extent 320
600 ## - SUBJECT ADDED ENTRY--PERSONAL NAME
Personal name पंडित बाळ ज.
630 ## - SUBJECT ADDED ENTRY--UNIFORM TITLE
Uniform title KASOTI KRIKET MADHIL MARATHI KHELADU कसोटी क्रिकेट मधील मराठी खेळाडू
700 ## - ADDED ENTRY--PERSONAL NAME
Personal name पंडित बाळ ज.
730 ## - ADDED ENTRY--UNIFORM TITLE
Uniform title KASOTI KRIKET MADHIL MARATHI KHELADU कसोटी क्रिकेट मधील मराठी खेळाडू
942 ## - ADDED ENTRY ELEMENTS (KOHA)
Koha item type Book
Holdings
Withdrawn status Lost status Damaged status Not for loan Home library Current library Date acquired Cost, normal purchase price Total Checkouts Full call number Barcode Date last seen Cost, replacement price Price effective from Koha item type
        Nagar Wachan Mandir, Thane Nagar Wachan Mandir, Thane   250.00   43568 THNNWM-43568 01/24/2009 250.00 01/24/2009 Book